Inteligentná miestnosť - návrh riadenia

Uložené v:
Podrobná bibliografia
Hlavný autor: Polakovič, Samuel (Autor)
Ďalší autori: Rozinaj, Gregor (Vedúci práce)
Médium: Rukopis Kniha
Jazyk:Slovak
Vydavateľské údaje: Bratislava : STU v Bratislave FEI, 2020
Predmet:
On-line prístup:https://opac.crzp.sk/?fn=detailBiblioForm&sid=8E0A01F6D74C9FCBC94DE91E231C&seo=CRZP-detail-kniha
Tagy: Pridať tag
Žiadne tagy, Buďte prvý, kto otaguje tento záznam!

MARC

LEADER 00000ntm a22000003a 4500
001 stuzp77715
003 SK-STU
005 20200710105807.3
007 ta
008 150427s2015----xo-----f-mn---000-0-slo-d
040 |a STU  |b slo 
041 0 |a slo 
044 |a xo 
100 1 |a Polakovič, Samuel  |u 037000  |4 aut  |U FEI Fakulta elektrotechniky a informatiky  |T FEI Ústav multimediálnych informačných a komunikačných technológií  |X 87263  |U E070  |Y 818  |7 87263 
242 0 1 |a Smart room - Control design  |y eng 
245 1 0 |a Inteligentná miestnosť - návrh riadenia 
260 |a Bratislava :  |b STU v Bratislave FEI,  |c 2020 
300 |a 41 s. 
650 4 |a Inteligentná domácnosť  |2 slo 
650 4 |a Rozpoznávanie reči  |2 slo 
650 4 |a Progressive web application  |2 slo 
650 4 |a Služby založené na polohe  |2 slo 
650 4 |a Location based services  |2 eng 
650 4 |a Smart home  |2 eng 
650 4 |a Speech recognition  |2 eng 
650 4 |a Progressive web application  |2 eng 
700 1 |a Rozinaj, Gregor  |u 037000  |k Z1  |4 ths  |U FEI Fakulta elektrotechniky a informatiky  |T FEI Ústav multimediálnych informačných a komunikačných technológií  |X 1945  |U E070  |Y 818  |7 A000001945 
856 4 |u https://opac.crzp.sk/?fn=detailBiblioForm&sid=8E0A01F6D74C9FCBC94DE91E231C&seo=CRZP-detail-kniha